| 000 | 00626nam a22002291 4500 | ||
|---|---|---|---|
| 001 | 50463 | ||
| 003 | BD-RjUL | ||
| 005 | 20211209075519.0 | ||
| 008 | 160827s1966 nyua 000 0 eng | ||
| 035 | _a(BD-RjUL)50583 | ||
| 040 |
_aDLC/ICU _cICU _dDLC _beng |
||
| 041 | _aeng | ||
| 082 | 0 | 0 |
_a512.505 _bABL 1966 |
| 100 | 1 |
_aAbraham, Ralph. _9151185 |
|
| 245 | 1 | 0 |
_aLinear and multilinear algebra / _cRalph Abraham |
| 260 |
_aNew York : _bW.A. Benjamin, _c1966. |
||
| 300 |
_ax, 103 p. : _bill. ; _c23 cm. |
||
| 500 | _aicludes index | ||
| 650 | 0 |
_aAlgebras, Linear. _9137168 |
|
| 942 |
_2ddc _cBK |
||
| 999 |
_c50463 _d50463 |
||